Information processing & management.
Salvato in:
| Titolo precedente: | Information storage and retrieval Information technology |
|---|---|
| Natura: | Periodico |
| Lingua: | English |
| Pubblicazione: |
Oxford ; New York :
Pergamon Press.
|
| Soggetti: | |
| Accesso online: | <b>ScienceDirect social science backfile</b> <b>ScienceDirect</b> http://www.sciencedirect.com/science/journal/03064573 http://www.sciencedirect.com/science/journal/03064573 |
| LEADER | 05207cas a2201081 a 4500 | ||
|---|---|---|---|
| 001 | c000399909 | ||
| 003 | CARM | ||
| 005 | 20160609120252.0 | ||
| 007 | cr unu uuuuu | ||
| 007 | t| | ||
| 008 | 160603c19759999enkbr p 0 a0eng | ||
| 010 | |a 75646801 | ||
| 016 | 7 | |a 9877091 |2 DNLM | |
| 019 | 1 | |a 988037 |z 21441638 |z 42699288 |5 LACONCORD2021 | |
| 022 | |a 0306-4573 | ||
| 030 | |a IPMADK | ||
| 032 | |a 014127 |b USPS | ||
| 035 | |a (OCoLC)2243314 |5 LACONCORD2021 | ||
| 040 | |a LC |b eng |c LC |d LC | ||
| 042 | |a lc |a nsdp | ||
| 050 | 0 | 0 | |a Z699.A1 |b I6 |
| 050 | 1 | 4 | |a Z699.A1 |b I6 |
| 082 | 0 | 4 | |a 029.05 |2 23 |
| 130 | 0 | |a Information processing and management | |
| 210 | 0 | |a Inf. process. manage | |
| 222 | 0 | |a Information processing & management | |
| 245 | 1 | 0 | |a Information processing & management. |
| 246 | 2 | 0 | |a Information processing and management |
| 246 | 1 | 3 | |a Information processing & management |b an international journal |
| 260 | |a Oxford ; |a New York : |b Pergamon Press. | ||
| 300 | |a v. ; |c 27-28 cm. | ||
| 310 | |a Bimonthly | ||
| 321 | |a Twelve no. a year, |b 1975 | ||
| 336 | |a text |b txt |2 rdacontent | ||
| 337 | |a unmediated |b n |2 rdamedia | ||
| 338 | |a volume |b nc |2 rdacarrier | ||
| 362 | 0 | |a Vol. 11, issues 1/2 (June 1975)- | |
| 500 | |a Later issues held on microfiche. | ||
| 506 | |a Restricted to licenced organisations with IP address and password. | ||
| 510 | 1 | |a Management contents, |b 1975- | |
| 510 | 1 | |a Physics abstracts, |x 0036-8091, |b June 1975- | |
| 510 | 2 | |a Biological abstracts, |x 0006-3169. | |
| 510 | 1 | |a ABI/INFORM, |b Feb. 1976- | |
| 510 | 2 | |a Current index to journals in education, |x 0011-3565. | |
| 510 | 2 | |a Electronic publishing abstracts, |x 0739-2907. | |
| 510 | 2 | |a Engineering index annual (1968), |x 0360-8557. | |
| 510 | 2 | |a Engineering index bioengineering abstracts, |x 0736-6213. | |
| 510 | 2 | |a Engineering index energy abstracts, |x 0093-8408. | |
| 510 | 2 | |a Engineering index monthly (1984), |x 0742-1974. | |
| 510 | 2 | |a Library & information science abstracts, |x 0024-2179. | |
| 510 | 1 | |a Computer & control abstracts, |x 0036-8113, |b June 1975- | |
| 510 | 1 | |a Electrical & electronics abstracts, |x 0036-8105, |b June 1975- | |
| 510 | 1 | |a Library literature, |x 0024-2373. | |
| 510 | 2 | |a Chemical abstracts, |x 0009-2258, |b 1975-1985. | |
| 515 | |a Some numbers issued in combined form. | ||
| 530 | |a Available on microfilm from Microforms International Marketing Corp. (MIMC) | ||
| 530 | |a Available also by subscription via the World Wide Web. | ||
| 650 | 0 | |a Libraries |x Automation |v Periodicals. | |
| 650 | 0 | |a Information storage and retrieval systems |v Periodicals. | |
| 650 | 0 | |a Information science |v Periodicals. | |
| 650 | 1 | 4 | |a Documentação. |
| 650 | 0 | 4 | |a Computador. |
| 650 | 0 | 4 | |a Automação. |
| 650 | 6 | |a Systèmes d'information |v Périodiques. | |
| 650 | 6 | |a Sciences de l'information |v Périodiques. | |
| 650 | 7 | |a Information science. |2 fast | |
| 650 | 7 | |a Information storage and retrieval systems. |2 fast | |
| 650 | 1 | 7 | |a Informatieverwerking (computer) |2 gtt |
| 650 | 1 | 7 | |a Management. |2 gtt |
| 655 | 0 | |a Electronic journals. | |
| 655 | 4 | |a Electronic journals | |
| 655 | 7 | |a Periodicals. |2 fast | |
| 776 | 1 | |t Information processing & management (Online) |w (DLC) 2002238858 |w (OCoLC)38995166 | |
| 780 | 0 | 0 | |t Information storage and retrieval |x 0020-0271 |w (DLC) 65008321 |w (OCoLC)1604432 |
| 780 | 0 | 5 | |t Information technology |w (OCoLC)10578244 |g June 1985 |
| 852 | 8 | |b CARM |p 0629909 |j 33:1(1997)-37:6(2001) |f SE | |
| 852 | 8 | |b CARM |p 0629934 |j 39:1(2003)-39:6(2003) |f SE | |
| 852 | 8 | |b CARM |p 0629942 |j 38:1(2002:01)-38:6(2002:11) |f SE | |
| 852 | 8 | |b SCAN |h A3:AH34C0 |i F09477 |p 0629942 |f SE | |
| 852 | 8 | |b SCAN |h A3:AH32C0 |i F09479 |p 0629909 |f SE | |
| 852 | 8 | |b SCAN |h A3:AH30C0 |i F09484 |p 0629934 |f SE | |
| 866 | 0 | |a 33:1(1997) - 39:6(2003) Incomplete | |
| 856 | |u http://findit.library.uwa.edu.au/sfxlcl3?url_ver=Z39.88-2004&url_ctx_fmt=infofi/fmt:kev:mtx:ctx&ctx_enc=info:ofi/enc:UTF-&&ctx_ver=Z39.88-2004&rfr_id=info:sid/III:ERM&rft.issn=0306-4573&rft.object_portfolio_id=111060803461070&scv.fulltext=yes&sfx.ignore_date_threshold=1 |z <b>ScienceDirect social science backfile</b> |i 1975-1994 |j 01-12 |k 01-31 | ||
| 856 | |u http://findit.library.uwa.edu.au/sfxlcl3?url_ver=Z39.88-2004&url_ctx_fmt=infofi/fmt:kev:mtx:ctx&ctx_enc=info:ofi/enc:UTF-&&ctx_ver=Z39.88-2004&rfr_id=info:sid/III:ERM&rft.issn=0306-4573&rft.object_portfolio_id=1000000000042996&scv.fulltext=yes&sfx.ignore_date_threshold=1 |z <b>ScienceDirect</b> |i 1995- |j 01- |k 01- | ||
| 856 | 4 | 1 | |u http://www.sciencedirect.com/science/journal/03064573 |
| 856 | 4 | 1 | |u http://www.sciencedirect.com/science/journal/03064573 |
| 999 | f | f | |i 8db6c225-c0f1-59f5-9c7f-c33a686d1514 |s 569dd41b-9a0d-5252-8099-6f3cfba946c0 |
| 952 | f | f | |p Can circulate |a CAVAL |b CAVAL |c CAVAL |d CARM 1 Store |i book |m 0629934 |
| 952 | f | f | |p Can circulate |a CAVAL |b CAVAL |c CAVAL |d CARM 1 Store |i book |m 0629942 |
| 952 | f | f | |p Can circulate |a CAVAL |b CAVAL |c CAVAL |d CARM 1 Store |i book |m 0629909 |
| 952 | f | f | |a CAVAL |b CAVAL |c CAVAL |d Unmapped Location |e F09479 |f A3:AH32C0 |h Other scheme |
| 952 | f | f | |a CAVAL |b CAVAL |c CAVAL |d Unmapped Location |e F09477 |f A3:AH34C0 |h Other scheme |
| 952 | f | f | |a CAVAL |b CAVAL |c CAVAL |d Unmapped Location |e F09484 |f A3:AH30C0 |h Other scheme |